LEADER 01188nam a2200265 a 4500 001 000000110468 003 CaOOAMICUS 005 20080310110603.0 008 080310s2008 it z000 u ita d 020 $z978-88-394-0745-0* 040 $aANT$bita$dms$dPUL$dLDB 245 00$aAtti di Mar Mari /$ca cura di Ilaria Ramelli. 260 $aBrescia :$bPaideia,$c2008. 300 $a233 p. ;$c21 cm. 490 1 $aTesti del Vicino Oriente antico.$a7, Letteratura della Siria cristiana ;$v002 504 $aBibliografia: p. 209-[225]. 650 4$aLetteratura cristiana antica$xAutori siriaci.$0(OLS)http://pul/subject/17474 700 1 $aRamelli, Ilaria.$0(OLS)http://pul/name/55739 830 0$aTesti del Vicino Oriente antico.$n7,$pLetteratura della Siria cristiana ;$v002.$0(OLS)http://pul/title/44324 850 $aPUL 852 $aPUL$W1$xSL Religione 3$y85$m291. 205 COLL 1.7.2$j126546$qDDC 21$q $B125271$CPULBib$Z2$F125271 $H106627 $81 941 1 $a9 996 $6020$z978-88-394-0745-0*$9(OLS)http://pul/number/137470 996 $6245$aAtti di Mar Mari$9(OLS)http://pul/title/138912 996 $6260$aBrescia :$bPaideia$9(OLS)http://pul/publisher/47884 LEADER 01547nam a2200349 a 4500 001 000000167842 003 CaOOAMICUS 005 20180523104124.0 008 180523s2018 it u000 u ita r 020 $a978-88-394-0916-4* 032 $aLibriCat 040 $aPUL$bita 041 1 $aita$agrc$hgrc 082 04$a291.205 245 00$aIsaia in Egitto :$bpapiri tolemaici e vicende della comunità giudaica che legge Isaia 58 /$ca cura di Marco Settembrini. 260 $aBrescia :$bPaideia,$c©2018. 300 $a157 p. ;$c21 cm. 490 1 $aTesti del Vicino Oriente antico.$a06, Letteratura ebraica e aramaica ;$v05 500 $aComprende indici. 504 $aBibliografia p. 141-[151]. 546 $aTesto greco a fronte. 650 4$aPapiri greci.$0(OLS)http://pul/subject/13326 700 1 $aSettembrini, Marco,$csacerdote,$d1974-$0(OLS)http://pul/name/67266 830 0$aTesti del Vicino Oriente antico.$pLetteratura ebraica e aramaica ;$v05.$0(OLS)http://pul/title/167697 850 $aPUL 852 $aPUL$W1$xSL Religione 3$y85$m291. 205 COLL 1.6.5$j191575$qDDC 21$B195577$CPULBib$Z2$F195577 $H130824 $81 941 1 $a9 996 $6020$a978-88-394-0916-4*$9(OLS)http://pul/number/164151 996 $6082$a291.205$9(OLS)http://pul/classification/2114 996 $6245$aIsaia in Egitto :$bpapiri tolemaici e vicende della comunità giudaica che legge Isaia 58$9(OLS)http://pul/title/207971 996 $6260$aBrescia :$bPaideia$9(OLS)http://pul/publisher/47884